[Event "Lichtenrader Herbst"]
[Site "Berlin"]
[Date "2018.11.03"]
[Round "8.21"]
[White "Cusnariov, Nikolai"]
[Black "Guder, Sibylle"]
[Result "1/2-1/2"]
[WhiteElo "2165"]
[BlackElo "1819"]
[PlyCount "172"]
[EventDate "2018.??.??"]
[WhiteTeam "USV Potsdam e.V., Abt. Schach"]
[BlackTeam "SF Berlin 1903 e.V."]

1. c4 Nf6 2. Nf3 d5 3. cxd5 Nxd5 4. d4 e6 5. e4 Nf6 6. Nc3 c6 7. Bd3 Be7 8. O-O
Nbd7 9. Qc2 Nf8 10. Rd1 Ng6 11. Bg5 O-O 12. a3 Nh5 13. Be3 Nhf4 14. Bc4 Qc7 15.
e5 Nd5 16. Rac1 Nxc3 17. Qxc3 a6 18. Ba2 Bd7 19. Nd2 Rac8 20. Ne4 Qb8 21. b4
Rfd8 22. Bg5 Bxg5 23. Nxg5 b6 24. Qh3 Nf8 25. Qf3 Be8 26. Ne4 Ng6 27. Nd6 Rxd6
28. exd6 Qxd6 29. Bc4 Ra8 30. g3 Ne7 31. Bd3 Ra7 32. Qe4 g6 33. Qe5 Rd7 34. Be4
Rd8 35. Qxd6 Rxd6 36. Kf1 Bd7 37. Ke2 Kg7 38. Ke3 Nd5+ 39. Bxd5 Rxd5 40. Rd2
Kf6 41. Rdc2 Rd6 42. a4 e5 43. dxe5+ Kxe5 44. a5 b5 45. f4+ Ke6 46. Rd2 Rxd2
47. Kxd2 h5 48. Ke3 Kd6 49. Rd1+ Kc7 50. Kd4 Kd6 51. Ke4+ Kc7 52. Ke5 Be6 53.
Rd2 Bf5 54. Rd1 Be6 55. Rc1 Kd7 56. Kf6 Kd6 57. Rc5 Kd7 58. Kg5 Kd6 59. Kh4 Kd7
60. h3 Kd6 61. g4 hxg4 62. hxg4 Bd5 63. Kg5 Ke6 64. Rc1 Kd6 65. Kf6 Bc4 66.
Rd1+ Bd5 67. Rc1 Bc4 68. f5 gxf5 69. Kxf5 c5 70. Rd1+ Kc6 71. Ke5 cxb4 72. Kd4
b3 73. g5 Be6 74. Kc3 Kc5 75. Re1 Kd6 76. Re2 Kd7 77. Kd4 Kd6 78. Kc3 Kd7 79.
Rd2+ Kc7 80. Kb4 Kc6 81. Re2 Kd6 82. Kc3 Kd7 83. Rg2 Kc6 84. g6 fxg6 85. Rxg6
Kd6 86. Rg7 b4+ 1/2-1/2

[Event "Lichtenrader Herbst"]
[Site "Berlin"]
[Date "2018.11.03"]
[Round "8.22"]
[White "Llopis de Aysa, Manuel"]
[Black "Grozea, Filip"]
[Result "1-0"]
[WhiteElo "2092"]
[BlackElo "1604"]
[PlyCount "73"]
[EventDate "2018.??.??"]
[WhiteTeam "C.E. Montcada"]
[BlackTeam "SV Mattnetz Berlin e.V."]

1. d4 c5 2. d5 d6 3. e4 Nf6 4. Nc3 g6 5. Nf3 Bg7 6. Bb5+ Bd7 7. a4 a6 8. Bc4
O-O 9. h3 e5 10. Bg5 h6 11. Be3 Nh5 12. Qd2 g5 13. g3 f5 14. exf5 Rxf5 15. Be2
Qf8 16. Nh2 Nf4 17. gxf4 exf4 18. Bg4 fxe3 19. fxe3 Rf7 20. Bh5 Rf5 21. O-O-O
b5 22. Rdf1 b4 23. Nd1 Bxa4 24. Bg4 Rf6 25. Be6+ Kh8 26. Rxf6 Qxf6 27. Rf1 Qd8
28. Rf7 Be8 29. Rf2 Nd7 30. h4 Nf6 31. Qd3 Bh5 32. hxg5 Qa5 33. Kb1 Bxd1 34.
gxf6 Bh5 35. fxg7+ Kxg7 36. Rg2+ Kh8 37. Qf5 1-0

[Event "Lichtenrader Herbst"]
[Site "Berlin"]
[Date "2018.11.03"]
[Round "8.23"]
[White "Woerz, Markus"]
[Black "Kather, Yannick"]
[Result "1/2-1/2"]
[WhiteElo "1996"]
[BlackElo "2136"]
[PlyCount "143"]
[EventDate "2018.??.??"]
[WhiteTeam "SC Kreuzberg e.V."]
[BlackTeam "SC Weisse Dame e.V."]

1. e4 c5 2. Nc3 Nc6 3. g3 g6 4. Bg2 Bg7 5. d3 d6 6. Nge2 e6 7. O-O Nge7 8. Bg5
O-O 9. Qd2 Nd4 10. Rab1 Rb8 11. b4 f6 12. Be3 e5 13. Nd5 Nxd5 14. exd5 Bg4 15.
f3 Bd7 16. c3 Nxe2+ 17. Qxe2 cxb4 18. Rxb4 b6 19. Rfb1 f5 20. Qc2 Rc8 21. c4 f4
22. Bf2 fxg3 23. hxg3 Qg5 24. a4 Bh6 25. a5 Qd2 26. R4b2 Qxc2 27. Rxc2 bxa5 28.
Rcb2 Bf5 29. Bf1 Ra8 30. Ra1 Bg7 31. Rb7 Bc8 32. Rxa7 Rxa7 33. Bxa7 e4 34. Rxa5
exd3 35. Bxd3 Rxf3 36. Bf2 Rxd3 37. Ra8 Be5 38. Rxc8+ Kg7 39. Kg2 h5 40. c5
dxc5 41. Rxc5 Rd2 42. Rc4 Kf6 43. Ra4 Rxd5 44. g4 hxg4 45. Rxg4 Kf5 46. Rh4 g5
47. Rc4 Rd2 48. Kf1 Ra2 49. Rb4 Ra3 50. Kg2 Ra2 51. Kg1 Bd6 52. Rc4 Bb8 53. Rb4
Bf4 54. Rc4 g4 55. Rb4 g3 56. Bc5 Rd2 57. Bb6 Rc2 58. Ba7 Ra2 59. Bb6 Rd2 60.
Ra4 Rb2 61. Bc5 Kg5 62. Rc4 Re2 63. Ra4 Rd2 64. Bb6 Kf5 65. Ba7 Rd8 66. Bb6 Rc8
67. Kg2 Rc2+ 68. Kg1 Rc3 69. Ba7 Kg4 70. Bb8 Kh3 71. Bxf4 Rf3 72. Bxg3 1/2-1/2

[Event "Lichtenrader Herbst"]
[Site "Berlin"]
[Date "2018.11.03"]
[Round "8.24"]
[White "Noetzel, Felix"]
[Black "Moewisch, Dave"]
[Result "1-0"]
[WhiteElo "2216"]
[BlackElo "1875"]
[PlyCount "43"]
[EventDate "2018.??.??"]
[WhiteTeam "SF Berlin 1903 e.V."]
[BlackTeam "SV Briesen e.V."]

1. d4 d5 2. Nf3 c5 3. e3 e6 4. c3 Nc6 5. Bd3 Nf6 6. O-O Bd6 7. Nbd2 cxd4 8.
exd4 O-O 9. Re1 Qc7 10. Qe2 Nd7 11. c4 dxc4 12. Nxc4 Bf4 13. Qe4 Bxh2+ 14. Nxh2
Nf6 15. Qh4 Nb4 16. Ne5 Nxd3 17. Nxd3 b6 18. Re3 Rd8 19. Rg3 Ne8 20. Rh3 h6 21.
Bxh6 gxh6 22. Qxh6 1-0

[Event "Lichtenrader Herbst"]
[Site "Berlin"]
[Date "2018.11.03"]
[Round "8.25"]
[White "Wierzbicki, Jirawat"]
[Black "Barisch, Florian"]
[Result "1/2-1/2"]
[WhiteElo "2199"]
[BlackElo "1872"]
[PlyCount "91"]
[EventDate "2018.??.??"]
[WhiteTeam "SK König Tegel 1949 e.V."]

1. e4 c5 2. c3 d5 3. exd5 Qxd5 4. d4 Nf6 5. Nf3 e6 6. Be3 cxd4 7. cxd4 Bb4+ 8.
Nc3 O-O 9. Bd3 b6 10. O-O Bxc3 11. bxc3 Ba6 12. Bxa6 Nxa6 13. Qe2 Qb7 14. c4
Rac8 15. Rfe1 h6 16. Rac1 Nb8 17. Ne5 Nbd7 18. Bf4 Rfe8 19. Qe3 Nxe5 20. Qxe5
Nd7 21. Qh5 Nf8 22. Qb5 Red8 23. Red1 Qe4 24. Be3 Qc6 25. Qb3 Ng6 26. f3 Ne7
27. a4 Nf5 28. Bf2 h5 29. h3 Rd7 30. Rd3 Rcd8 31. Rcd1 Ne7 32. Ra1 Nf5 33. Qc3
Rc8 34. c5 bxc5 35. dxc5 Rd5 36. Rxd5 Qxd5 37. a5 e5 38. Re1 Nd4 39. Rxe5 Qxe5
40. Bxd4 Qd5 41. Kh2 f6 42. Qe3 Rd8 43. Bc3 Rc8 44. Bd4 Rd8 45. Bc3 Rc8 46. Bd4
1/2-1/2

[Event "Lichtenrader Herbst"]
[Site "Berlin"]
[Date "2018.11.03"]
[Round "8.26"]
[White "Heuer, Thomas"]
[Black "Wiegand, Christian"]
[Result "1/2-1/2"]
[WhiteElo "2097"]
[BlackElo "1930"]
[PlyCount "35"]
[EventDate "2018.??.??"]
[WhiteTeam "BSC Rehberge 1945 e.V."]
[BlackTeam "SK Duderstadt"]

1. Nf3 c5 2. g3 Nc6 3. Bg2 g6 4. O-O Bg7 5. c3 e5 6. d3 Nge7 7. e4 O-O 8. a3 d5
9. Nbd2 d4 10. Nb3 dxc3 11. bxc3 b6 12. Bb2 c4 13. dxc4 Ba6 14. Nfd2 Qc7 15. f4
exf4 16. gxf4 Rad8 17. Qe2 Qd7 18. Rad1 1/2-1/2

[Event "Lichtenrader Herbst"]
[Site "Berlin"]
[Date "2018.11.03"]
[Round "8.27"]
[White "Tham, Minh"]
[Black "Pixa, Richard"]
[Result "1/2-1/2"]
[WhiteElo "1931"]
[BlackElo "2037"]
[PlyCount "67"]
[EventDate "2018.??.??"]
[WhiteTeam "SC Weisse Dame e.V."]
[BlackTeam "SV Mattnetz Berlin e.V."]

1. d4 d5 2. c4 e6 3. Nc3 c6 4. cxd5 exd5 5. Nf3 Nf6 6. Bg5 Bf5 7. e3 Nbd7 8.
Bd3 Bxd3 9. Qxd3 Be7 10. O-O O-O 11. Rab1 a5 12. Bf4 Nh5 13. Be5 f6 14. Bg3
Nxg3 15. hxg3 Nb6 16. Nd2 Bd6 17. Rfe1 Re8 18. e4 dxe4 19. Ncxe4 Bb4 20. a3
Bxd2 21. Nxd2 Qd5 22. Ne4 Rad8 23. Nc5 Qc4 24. Qxc4+ Nxc4 25. Nxb7 Rxe1+ 26.
Rxe1 Rxd4 27. Rc1 Nxb2 28. Nxa5 Ra4 29. Nxc6 Rxa3 30. Nd4 Nd3 31. Rd1 Ne5 32.
Rc1 Kf7 33. f3 Ra7 34. Nb5 1/2-1/2

[Event "Lichtenrader Herbst"]
[Site "Berlin"]
[Date "2018.11.03"]
[Round "8.28"]
[White "Fartmann, Oliver"]
[Black "Grassi, Fabrizio"]
[Result "1-0"]
[WhiteElo "2014"]
[BlackElo "1896"]
[PlyCount "109"]
[EventDate "2018.??.??"]
[WhiteTeam "SV Mattnetz Berlin e.V."]
[BlackTeam "SV Berlin-Friedrichstadt"]

1. d4 d5 2. c4 e6 3. Nc3 Nf6 4. cxd5 exd5 5. Bg5 c6 6. e3 Be7 7. Qc2 Nbd7 8.
Bd3 Nh5 9. Bxe7 Qxe7 10. Nge2 g6 11. h3 Ng7 12. Nf4 Nf6 13. g4 Ne6 14. O-O-O g5
15. Nxe6 Bxe6 16. f4 gxf4 17. exf4 O-O-O 18. Kb1 Kb8 19. Qf2 Ne4 20. Bxe4 dxe4
21. f5 Bd5 22. Rhe1 Rde8 23. Re3 Qb4 24. Qf4+ Ka8 25. Nxe4 Bxa2+ 26. Kc1 Bb3
27. Rdd3 Bc4 28. Rc3 Bd5 29. Nf6 Rxe3 30. Qxe3 Qb5 31. Nxd5 Qxd5 32. Qe5 Rd8
33. Qxd5 Rxd5 34. Re3 Rd8 35. Re7 Rf8 36. f6 a5 37. Re5 a4 38. Rh5 Rh8 39. Rg5
h6 40. Rg7 Rf8 41. Rh7 Kb8 42. Rxh6 Kc7 43. g5 Kd6 44. h4 Ke6 45. Kd2 Rd8 46.
Kc3 Rd5 47. Rh8 Kf5 48. Rh7 Ke6 49. Rh8 Kf5 50. Rg8 Rb5 51. h5 Rb3+ 52. Kc2 Rh3
53. h6 b5 54. g6 b4 55. gxf7 1-0

[Event "Lichtenrader Herbst"]
[Site "Berlin"]
[Date "2018.11.03"]
[Round "8.30"]
[White "Albrecht, Rainer"]
[Black "Kuechler, Felix"]
[Result "1/2-1/2"]
[WhiteElo "2093"]
[BlackElo "1781"]
[PlyCount "48"]
[EventDate "2018.??.??"]
[WhiteTeam "SC Kreuzberg e.V."]
[BlackTeam "SV SF Friedrichshagen"]

1. d4 Nf6 2. c4 e5 3. dxe5 Ng4 4. Bf4 g5 5. Bg3 Bg7 6. Nf3 Nc6 7. Nc3 Ngxe5 8.
Nxe5 Nxe5 9. e3 h5 10. h4 g4 11. Rc1 d6 12. Bxe5 Bxe5 13. g3 Be6 14. Bg2 c6 15.
b3 Qa5 16. Qc2 d5 17. O-O dxc4 18. Ne4 cxb3 19. axb3 O-O-O 20. Nc5 Qc7 21. Nxe6
fxe6 22. b4 Kb8 23. Qe4 Rd5 24. Rc4 Rhd8 1/2-1/2

[Event "Lichtenrader Herbst"]
[Site "Berlin, Germany"]
[Date "2018.11.04"]
[Round "9.1"]
[White "Stern, Rene"]
[Black "Glantz, Robert"]
[Result "1-0"]
[WhiteElo "2527"]
[BlackElo "2285"]
[PlyCount "129"]
[EventDate "2018.??.??"]

1. Nf3 Nf6 2. c4 e6 3. Nc3 d5 4. d4 Be7 5. Bg5 Nbd7 6. e3 h6 7. Bh4 O-O 8. Rc1
c5 9. dxc5 dxc4 10. c6 Nb6 11. Qxd8 Rxd8 12. Ne5 Bd6 13. Nxc4 Nxc4 14. Bxc4
bxc6 15. Ke2 Bd7 16. Rhd1 Be8 17. Bg3 Bxg3 18. hxg3 Kf8 19. Rxd8 Rxd8 20. Bd3
Rb8 21. b3 Rb4 22. Na4 Ke7 23. Rc5 Kd6 24. Ra5 Rb7 25. Nc5 Rc7 26. e4 e5 27. f4
Ng4 28. Kd2 Re7 29. Be2 h5 30. Bxg4 hxg4 31. Ke3 f6 32. Nd3 Bg6 33. fxe5+ fxe5
34. Rc5 Be8 35. Rc1 Rf7 36. Rd1 Bd7 37. Nb2+ Kc7 38. Nc4 Re7 39. Rh1 g6 40. Rh6
Be8 41. Rh8 Bd7 42. Ra8 Kb7 43. Rf8 Re6 44. Rf7 Kc8 45. Nb2 Kd8 46. Nd3 Ke8 47.
Rxd7 Kxd7 48. Nc5+ Kd6 49. Nxe6 Kxe6 50. Kd3 Kd7 51. Kc4 Kd6 52. b4 Kd7 53. Kc5
Kc7 54. b5 cxb5 55. Kxb5 Kd6 56. a4 g5 57. a5 Kc7 58. Kc5 Kb7 59. Kd5 Ka6 60.
Kxe5 Kxa5 61. Kd6 Kb4 62. e5 a5 63. e6 a4 64. e7 a3 65. e8=Q 1-0

[Event "Lichtenrader Herbst 2018"]
[Site "Berlin, Germany"]
[Date "2018.11.04"]
[Round "9.2"]
[White "Rakotomaharo, Fy Antenaina"]
[Black "Kurayan, Ruslan"]
[Result "1/2-1/2"]
[WhiteElo "2422"]
[BlackElo "2385"]
[PlyCount "82"]
[EventDate "2018.??.??"]

1. d4 Nf6 2. c4 g6 3. Nc3 Bg7 4. e4 d6 5. Be2 O-O 6. Bg5 c5 7. d5 b5 8. cxb5
Qa5 9. Bd2 a6 10. Nf3 axb5 11. Nxb5 Qa4 12. Nc3 Qb4 13. O-O Nxe4 14. a3 Qxb2
15. Nxe4 Bf5 16. Bd3 Qxa1 17. Qxa1 Bxa1 18. Rxa1 Nd7 19. Ne1 Nb6 20. f3 Nxd5
21. a4 Rfb8 22. a5 Nb4 23. Bf1 Bd7 24. Nc3 Ra7 25. Nd3 Nc2 26. Ra2 Nd4 27. Nd5
Bc6 28. Ne3 Nb3 29. Be1 Rba8 30. Nc4 Rb7 31. Ra3 f6 32. a6 Rbb8 33. Nf4 d5 34.
Na5 Nxa5 35. Rxa5 c4 36. Ne6 Rb1 37. Bc3 Kf7 38. Nd4 Rb6 39. a7 e5 40. Nxc6
Rxc6 41. Rxd5 Rxa7 1/2-1/2

[Event "Lichtenrader Herbst 2018"]
[Site "Berlin, Germany"]
[Date "2018.11.04"]
[Round "9.3"]
[White "Shishkin, Vadim"]
[Black "Bekasows, Rihards"]
[Result "0-1"]
[WhiteElo "2453"]
[BlackElo "2182"]
[PlyCount "72"]
[EventDate "2018.??.??"]

1. d4 Nf6 2. c4 c5 3. d5 b5 4. cxb5 a6 5. bxa6 g6 6. Nc3 Bg7 7. e4 O-O 8. Be2
Bxa6 9. Nf3 Qa5 10. O-O d6 11. Re1 Nfd7 12. Bg5 Re8 13. Qd2 Bxe2 14. Rxe2 Na6
15. Bf4 Nb4 16. e5 dxe5 17. Nxe5 Rad8 18. Nxd7 Rxd7 19. d6 Qa8 20. a3 Bxc3 21.
bxc3 Nd5 22. Bg3 Nf6 23. Be5 Ne4 24. Qh6 f6 25. Qh3 e6 26. Rae1 fxe5 27. Rxe4
Rxd6 28. Rxe5 Qxa3 29. Qe3 c4 30. h4 Rd3 31. Qh6 Qe7 32. h5 Qg7 33. Qf4 Rxc3
34. Rxe6 Rf8 35. Re8 Rc2 36. R1e7 Qxe7 0-1

[Event "Lichtenrader Herbst"]
[Site "Berlin"]
[Date "2018.11.04"]
[Round "9.5"]
[White "Stets, Dmitry"]
[Black "Lopez Gomez, Jose Pablo"]
[Result "1-0"]
[WhiteElo "2373"]
[BlackElo "2066"]
[PlyCount "53"]
[EventDate "2018.??.??"]
[WhiteTeam "SF Gerresheim 86 e.V."]
[BlackTeam "Potsdamer SV Mitte"]

1. e4 e6 2. d3 d5 3. Nd2 Nf6 4. Ngf3 g6 5. g3 Bg7 6. Bg2 O-O 7. O-O c5 8. Re1
Nc6 9. c3 b5 10. e5 Nd7 11. d4 a5 12. Nf1 Ba6 13. h4 b4 14. h5 Rc8 15. hxg6
hxg6 16. Bg5 Qb6 17. Qd2 bxc3 18. bxc3 cxd4 19. cxd4 Nb4 20. Rab1 Qa7 21. Ne3
Nb6 22. a3 Nc6 23. Ng4 Nd7 24. Bf6 Nxd4 25. Nxd4 Nxf6 26. Nxf6+ Kh8 27. Qf4 1-0

[Event "Lichtenrader Herbst"]
[Site "Berlin"]
[Date "2018.11.04"]
[Round "9.6"]
[White "Maetzkow, Maximilian Paul"]
[Black "Biriukov, Nikolai"]
[Result "0-1"]
[WhiteElo "2193"]
[BlackElo "2363"]
[PlyCount "118"]
[EventDate "2018.??.??"]
[WhiteTeam "ESV 1949 Eberswalde e.V."]
[BlackTeam "Bahn-SC Wuppertal"]

1. e4 c5 2. Nf3 a6 3. c3 d5 4. exd5 Qxd5 5. d4 e6 6. Be2 Nf6 7. O-O Be7 8. Be3
cxd4 9. cxd4 Nc6 10. Nc3 Qd6 11. Qd2 O-O 12. Bf4 Qd8 13. Rfd1 Nb4 14. Rac1 Nbd5
15. Ne5 Nxc3 16. bxc3 Nd5 17. Be3 b5 18. c4 bxc4 19. Rxc4 Bd7 20. Bf3 Bb5 21.
Nc6 Bxc6 22. Rxc6 Qd7 23. Rdc1 a5 24. Bxd5 Qxd5 25. a4 h6 26. h3 Rab8 27. Qc2
Rb4 28. Rc4 Rfb8 29. Bd2 Rb2 30. Rc8+ Rxc8 31. Qxc8+ Kh7 32. Qc3 Ra2 33. Qxa5
Qxd4 34. Be3 Qxa4 35. Qc7 Qa3 36. Rd1 Ra1 37. Qc2+ g6 38. g3 h5 39. Rxa1 Qxa1+
40. Kh2 h4 41. Qc7 hxg3+ 42. Qxg3 Qd1 43. Kg2 Qd5+ 44. Qf3 Bd6 45. Bc1 Kg8 46.
Be3 Kf8 47. Bc1 Ke7 48. Be3 Kd7 49. Bc1 Kc6 50. Be3 Kb5 51. Bc1 Kc4 52. Bb2 f5
53. Bc1 Qxf3+ 54. Kxf3 Kd3 55. Kg2 e5 56. Be3 Ke2 57. Bb6 e4 58. Ba7 f4 59. Bb6
f3+ 0-1

[Event "Lichtenrader Herbst"]
[Site "Berlin"]
[Date "2018.11.04"]
[Round "9.7"]
[White "Schnabel, Bennett"]
[Black "Baum, Jonasz"]
[Result "0-1"]
[WhiteElo "2146"]
[BlackElo "2273"]
[PlyCount "110"]
[EventDate "2018.??.??"]
[WhiteTeam "SV Mattnetz Berlin e.V."]

1. e4 c5 2. Nf3 d6 3. d4 cxd4 4. Nxd4 Nf6 5. Nc3 a6 6. Bg5 Nbd7 7. Qd2 b5 8.
Nc6 Qc7 9. Nb4 e6 10. a3 Bb7 11. Bd3 Be7 12. O-O O-O 13. Rfe1 Nb6 14. Qf4 Qd8
15. Qh4 e5 16. Re3 g6 17. Rg3 Re8 18. Qh6 a5 19. Nbd5 Nfxd5 20. exd5 Bxg5 21.
Rxg5 Nxd5 22. Nxd5 Bxd5 23. Rh5 Qf6 24. Bxb5 Reb8 25. c4 Qg7 26. Qxg7+ Kxg7 27.
Rh3 Be4 28. Re3 Bf5 29. Rd1 Rb6 30. Re2 Kf6 31. Red2 Ke7 32. f3 Rc8 33. a4 Be6
34. b3 f5 35. Kf2 g5 36. g3 h6 37. h4 gxh4 38. gxh4 Rg8 39. Rg1 Rxg1 40. Kxg1
Rb8 41. Kf2 f4 42. b4 axb4 43. Rb2 Rg8 44. a5 Ra8 45. a6 Bc8 46. Rxb4 Bxa6 47.
Bc6 Rc8 48. Bd5 Rc7 49. Rb1 Bxc4 50. Rc1 Rc5 51. Bxc4 d5 52. Bxd5 Rxc1 53. Kg2
Kd6 54. Be4 Kc5 55. Kh3 Rg1 0-1

[Event "Lichtenrader Herbst"]
[Site "Berlin"]
[Date "2018.11.04"]
[Round "9.8"]
[White "Rettore, Ludwig"]
[Black "Brustkern, Juergen"]
[Result "1/2-1/2"]
[WhiteElo "2076"]
[BlackElo "2203"]
[PlyCount "44"]
[EventDate "2018.??.??"]
[WhiteTeam "Il Castalletto"]
[BlackTeam "SK Zehlendorf e.V."]

1. Nf3 Nf6 2. d4 g6 3. Nbd2 Bg7 4. e4 O-O 5. Bd3 d6 6. O-O Nc6 7. c3 e5 8. h3
Nh5 9. dxe5 Nf4 10. Bc2 Nxe5 11. Nxe5 dxe5 12. Nf3 Qf6 13. Bxf4 Qxf4 14. Qd2
Qxd2 15. Nxd2 Rd8 16. Rfd1 Be6 17. Bb3 Bxb3 18. Nxb3 b6 19. Kf1 a5 20. a4 f5
21. Ke2 Kf7 22. f3 Ke6 1/2-1/2

[Event "Lichtenrader Herbst"]
[Site "Berlin"]
[Date "2018.11.04"]
[Round "9.9"]
[White "Starostits, Ilmars"]
[Black "Tscheuschner, Georg"]
[Result "1-0"]
[WhiteElo "2454"]
[BlackElo "2052"]
[PlyCount "59"]
[EventDate "2018.??.??"]
[BlackTeam "SV Mattnetz Berlin e.V."]

1. d4 Nf6 2. Nf3 e6 3. e3 b6 4. Bd3 Bb7 5. O-O c5 6. b3 cxd4 7. exd4 Be7 8. Bb2
O-O 9. Nbd2 d6 10. c4 Nbd7 11. Re1 Re8 12. Nf1 d5 13. Ng3 Qc7 14. Rc1 dxc4 15.
bxc4 Bb4 16. Rf1 Rad8 17. Qb3 Bf8 18. Bb1 e5 19. dxe5 Ng4 20. Bxh7+ Kxh7 21.
Ng5+ Kg8 22. Qc2 g6 23. e6 f5 24. exd7 Rxd7 25. Rcd1 Qc6 26. Nf3 Rh7 27. c5
Rxh2 28. Qb3+ Kh7 29. Qf7+ Kh6 30. Bc1+ 1-0

[Event "Lichtenrader Herbst"]
[Site "Berlin"]
[Date "2018.11.04"]
[Round "9.10"]
[White "Juhnke, Juergen"]
[Black "Krefenstein, Sergej"]
[Result "1-0"]
[WhiteElo "2228"]
[BlackElo "2116"]
[PlyCount "79"]
[EventDate "2018.??.??"]
[WhiteTeam "HSK Lister Turm"]
[BlackTeam "TuS Makkabi Berlin e.V."]

1. e4 c6 2. d4 d5 3. e5 Bf5 4. h4 h6 5. g4 Bh7 6. e6 fxe6 7. Bd3 e5 8. dxe5 Qc7
9. f4 Bxd3 10. Qxd3 e6 11. Nf3 Na6 12. Nd4 Nc5 13. Qe3 Qd7 14. h5 Ne4 15. Nd2
O-O-O 16. N4b3 Nxd2 17. Bxd2 d4 18. Qe4 Qd5 19. Qxd5 Rxd5 20. O-O-O b6 21. c4
dxc3 22. Bxc3 Ne7 23. Nd4 Kd7 24. f5 exf5 25. gxf5 Rg8 26. Rhg1 Ke8 27. f6 gxf6
28. exf6 Rxg1 29. Rxg1 Nc8 30. Nxc6 Rxh5 31. Re1+ Kd7 32. Ne5+ Ke6 33. Ng6+ Kf7
34. Nh8+ Kg8 35. f7+ Kh7 36. Re8 Ne7 37. Rxf8 Ng6 38. Rg8 Rf5 39. Rg7+ Kxh8 40.
Rxg6+ 1-0

[Event "Lichtenrader Herbst"]
[Site "Berlin"]
[Date "2018.11.04"]
[Round "9.11"]
[White "Boettcher, Patrick"]
[Black "Llopis de Aysa, Manuel"]
[Result "1/2-1/2"]
[WhiteElo "2034"]
[BlackElo "2092"]
[PlyCount "107"]
[EventDate "2018.??.??"]
[WhiteTeam "SC Zitadelle Spandau 1977 e.V."]
[BlackTeam "C.E. Montcada"]

1. e4 g6 2. d4 Bg7 3. c4 d6 4. Nc3 e5 5. dxe5 dxe5 6. Qxd8+ Kxd8 7. f4 Be6 8.
Nf3 Nc6 9. Be3 Nf6 10. O-O-O+ Kc8 11. g3 h6 12. Be2 b6 13. Rd2 Ng4 14. Bg1 Kb7
15. Nd5 Rad8 16. Nh4 Nf6 17. Bf3 Bc8 18. h3 Rhe8 19. f5 g5 20. Ng2 Na5 21. Nge3
Kb8 22. Rhh2 Nxd5 23. cxd5 Nb7 24. Rc2 Nd6 25. b3 Bd7 26. Nc4 Rh8 27. Be3 Bf6
28. g4 Kb7 29. Kb2 Rc8 30. Rh1 Rhe8 31. Rhc1 Rh8 32. Nxd6+ cxd6 33. Be2 Rxc2+
34. Rxc2 Rc8 35. Rxc8 Kxc8 36. Ba6+ Kc7 37. Kc3 Bc8 38. Bb5 Bd7 39. Bxd7 Kxd7
40. Kc4 Kc7 41. a4 a6 42. Bd2 Be7 43. Bb4 f6 44. Be1 Kb7 45. h4 Bd8 46. hxg5
hxg5 47. Bd2 Be7 48. Be3 Bd8 49. Kb4 Be7 50. a5 b5 51. Bb6 Kc8 52. Kc3 Bd8 53.
Bxd8 Kxd8 54. b4 1/2-1/2

[Event "Lichtenrader Herbst"]
[Site "Berlin"]
[Date "2018.11.04"]
[Round "9.12"]
[White "Gebigke, Martin"]
[Black "Feil, Stephan"]
[Result "0-1"]
[WhiteElo "2057"]
[BlackElo "2082"]
[PlyCount "90"]
[EventDate "2018.??.??"]
[WhiteTeam "SC Kreuzberg e.V."]
[BlackTeam "SK 1962 Ladenburg"]

1. d4 Nf6 2. c4 g6 3. Nc3 Bg7 4. e4 d6 5. Nf3 O-O 6. Be2 e5 7. O-O Nc6 8. d5
Ne7 9. Bd2 Ne8 10. b4 f5 11. Ng5 c6 12. Qb3 Nc7 13. Rad1 h6 14. Nh3 cxd5 15.
exd5 g5 16. f3 Kh8 17. Nf2 b6 18. Bc1 Na6 19. a3 Bb7 20. Bd3 Qe8 21. Nb5 Qd7
22. a4 Ng6 23. Rfe1 Rac8 24. Nxa7 Rce8 25. Nb5 e4 26. fxe4 f4 27. Be2 Ne5 28.
Bb2 Rg8 29. Bh5 Ref8 30. h3 Bc8 31. Nd4 Qc7 32. Rc1 g4 33. hxg4 f3 34. gxf3 Qe7
35. Kg2 Qg5 36. Rh1 Qf4 37. Rh3 Kh7 38. Rg3 Nxg4 39. Rxg4 Bxg4 40. Bxg4 Bxd4
41. Bxd4 Qxc1 42. Be3 Qa1 43. Kh3 h5 44. Bxh5 Qg1 45. Bg4 Rxf3+ 0-1

[Event "Lichtenrader Herbst"]
[Site "Berlin"]
[Date "2018.11.04"]
[Round "9.13"]
[White "Jesse, Timo"]
[Black "Tomov, Georgi"]
[Result "0-1"]
[WhiteElo "2064"]
[BlackElo "2330"]
[PlyCount "48"]
[EventDate "2018.??.??"]
[WhiteTeam "ESV 1949 Eberswalde e.V."]

1. e4 c6 2. d4 d5 3. Nc3 dxe4 4. Nxe4 Nf6 5. Nxf6+ exf6 6. Bf4 Bd6 7. Qd2 Qe7+
8. Be3 Be6 9. Bd3 Nd7 10. Ne2 Nb6 11. b3 Nd5 12. O-O Qc7 13. h3 O-O-O 14. c4
Nxe3 15. Qxe3 Rhe8 16. Qf3 Qd7 17. Rfd1 Bc7 18. Rac1 Qd6 19. Kf1 h5 20. Bf5 g6
21. Bxe6+ Rxe6 22. d5 cxd5 23. Rxd5 Qh2 24. Rcd1 Rde8 0-1

[Event "Lichtenrader Herbst"]
[Site "Berlin"]
[Date "2018.11.04"]
[Round "9.14"]
[White "Florstedt, Johannes"]
[Black "Noeldner, Julian"]
[Result "1-0"]
[WhiteElo "2310"]
[BlackElo "2024"]
[PlyCount "79"]
[EventDate "2018.??.??"]
[WhiteTeam "SF Berlin 1903 e.V."]
[BlackTeam "SF Nordost Berlin"]

1. e4 e5 2. Bc4 Nc6 3. Nc3 Nf6 4. d3 Na5 5. Bb3 Nxb3 6. axb3 Bc5 7. f4 exf4 8.
e5 Ng8 9. d4 Qh4+ 10. Kf1 Bb6 11. Nd5 Ne7 12. Nf3 Qg4 13. h3 Qf5 14. Nxf4 O-O
15. Qe2 Ng6 16. Nd5 Qe6 17. c4 Rb8 18. h4 c6 19. Nxb6 axb6 20. h5 Ne7 21. d5
cxd5 22. Nd4 Nf5 23. Nxe6 Ng3+ 24. Kf2 Nxe2 25. Nxf8 Nxc1 26. Rhxc1 d4 27. Nxh7
Kxh7 28. Rd1 Kh6 29. Rxd4 Kxh5 30. Rh1+ Kg5 31. Rh8 Kf5 32. Rd5 Ra8 33. Ke3 g6
34. Kf3 b5 35. g4+ Kg5 36. e6+ Kf6 37. exd7 Bxd7 38. Rxa8 Bc6 39. g5+ Ke7 40.
Ke4 1-0

[Event "Lichtenrader Herbst"]
[Site "Berlin"]
[Date "2018.11.04"]
[Round "9.15"]
[White "Dathe, Frederick"]
[Black "Schmuecker, Marcus"]
[Result "1/2-1/2"]
[WhiteElo "2062"]
[BlackElo "2271"]
[PlyCount "98"]
[EventDate "2018.??.??"]
[WhiteTeam "SC Kreuzberg e.V."]
[BlackTeam "SV Hemer 1932"]

1. Nf3 d5 2. g3 Bg4 3. Bg2 c6 4. O-O Nd7 5. d4 e6 6. c4 Bd6 7. Nc3 Ngf6 8. b3
O-O 9. Bb2 Re8 10. Re1 dxc4 11. bxc4 e5 12. d5 Nb6 13. Qb3 a5 14. a4 Nfd7 15.
Ne4 Bb4 16. Red1 Qe7 17. h3 Bh5 18. Rac1 f5 19. Nc3 Nc5 20. Qc2 Qf6 21. Nh4 g6
22. Rb1 Rad8 23. Bc1 e4 24. Bf1 g5 25. Ng2 Nxc4 26. Na2 Na3 27. Bxa3 Bxa3 28.
dxc6 Rxd1 29. Rxd1 bxc6 30. Ne3 Bf7 31. Nc4 Bxc4 32. Qxc4+ Qf7 33. e3 Rb8 34.
Rd6 Qxc4 35. Bxc4+ Kg7 36. Rxc6 Rb1+ 37. Kg2 Nd3 38. Rc7+ Kf6 39. Nc3 Rb2 40.
Bxd3 exd3 41. Rd7 d2 42. Kf3 h6 43. Ke2 Bb4 44. Rd3 Ke6 45. f3 h5 46. g4 fxg4
47. fxg4 hxg4 48. hxg4 Rc2 49. Ne4 Rc4 1/2-1/2

[Event "Lichtenrader Herbst"]
[Site "Berlin"]
[Date "2018.11.04"]
[Round "9.17"]
[White "Hahlbohm, Matthias"]
[Black "Stigar, Petter"]
[Result "0-1"]
[WhiteElo "2088"]
[BlackElo "2190"]
[PlyCount "42"]
[EventDate "2018.??.??"]
[WhiteTeam "TSG Oberschöneweide e.V."]
[BlackTeam "SK 96"]

1. e4 c5 2. Nf3 Nc6 3. d4 cxd4 4. Nxd4 g6 5. Nc3 Bg7 6. Be3 Nf6 7. f3 O-O 8.
Qd2 d5 9. Nxc6 bxc6 10. O-O-O Qc7 11. Bh6 Bxh6 12. Qxh6 dxe4 13. Bc4 exf3 14.
gxf3 Bf5 15. h4 Rad8 16. Rde1 e6 17. h5 Rd4 18. Ne4 Bxe4 19. fxe4 Rxc4 20. Rhg1
Qh2 21. c3 Rb8 0-1